| 000 -LEADER |
| fixed length control field |
00822pam a2200253 a 4500 |
| 001 - CONTROL NUMBER |
| control field |
849 |
| 003 - CONTROL NUMBER IDENTIFIER |
| control field |
BD-DhUAP |
| 005 - DATE AND TIME OF LATEST TRANSACTION |
| control field |
20210117102602.0 |
| 008 - FIXED-LENGTH DATA ELEMENTS--GENERAL INFORMATION |
| fixed length control field |
201221s2002 maua b 001 0 eng |
| 020 ## - INTERNATIONAL STANDARD BOOK NUMBER |
| International Standard Book Number |
0072338792 |
| 040 ## - CATALOGING SOURCE |
| Original cataloging agency |
DLC |
| Transcribing agency |
DLC |
| Modifying agency |
BD-DhUAP |
| Language of cataloging |
eng |
| 082 00 - DEWEY DECIMAL CLASSIFICATION NUMBER |
| Classification number |
658.15 ROS |
| Edition number |
23 |
| 100 1# - MAIN ENTRY--PERSONAL NAME |
| Personal name |
Ross, Stephen A. |
| 245 10 - TITLE STATEMENT |
| Title |
Corporate finance / |
| Statement of responsibility, etc. |
Stephen A. Ross, Randolph W. Westerfield and Jeffrey F. Jaffe. |
| 250 ## - EDITION STATEMENT |
| Edition statement |
6th ed. |
| 260 ## - PUBLICATION, DISTRIBUTION, ETC. |
| Place of publication, distribution, etc. |
Boston : |
| Name of publisher, distributor, etc. |
Irwin/McGraw-Hill, |
| Date of publication, distribution, etc. |
c2002.. |
| 300 ## - PHYSICAL DESCRIPTION |
| Extent |
various pages : |
| Other physical details |
illustrations ; |
| Dimensions |
27 cm. |
| 490 ## - SERIES STATEMENT |
| Series statement |
The Irwin-McGraw-Hill series in finance, insurance, and real estate. |
| 504 ## - BIBLIOGRAPHY, ETC. NOTE |
| Bibliography, etc. note |
Includes bibliographical references and index. |
| 650 #0 - SUBJECT ADDED ENTRY--TOPICAL TERM |
| Topical term or geographic name entry element |
Corporations |
| General subdivision |
Finance. |
| 700 1# - ADDED ENTRY--PERSONAL NAME |
| Personal name |
Westerfield, Randolph W. |
| 700 1# - ADDED ENTRY--PERSONAL NAME |
| Personal name |
Jaffe, Jeffrey. |
| 942 ## - ADDED ENTRY ELEMENTS (KOHA) |
| Source of classification or shelving scheme |
|
| Koha item type |
Book |